00291nam a2200109 a 4500008004100000050001700041100001900058245002500077246006100102260000900163350000900172120416s1973 xx |||||||||||||| || u aTS 156.8 Ray aRay, W. Harmon10aProcess optimization awith applications in metallurgy and chemical engineering c1973 a0.00